Fußball mit PA - Statistiken

Allgemein
  • Dieses Quiz wurde 176 mal gespielt
  • Das Durchschnittsergebnis liegt bei 8 aus 14
Antwortstatistiken
Hinweis Antwort % Korrekt
Fußballclub aus dem Süden Londons: Crystal ______ Palace
98%
Rekordbundesligaspieler von Hertha BSC, der schon dreimal Cheftrainer des Vereins war Pal Dardai
86%
Französischer Verein, der häufig mit "PSG" abgekürzt wird Paris Saint-Germain
85%
Argentnischer Mittelfeldspieler, der seit 2020 bei Bayer Leverkusen spielt und 2022 Weltmeister wurde: Exequiel _______ Palacios
75%
Verein aus Athen, der als einziger griechischer Verein das Finale des Europapokals der Landesmeister erreichte (1971 gegen Ajax) Panathinaikos
74%
Das "K" im Namen dieses Vereins aus Thessaloniki steht für Konstantinopel PAOK
65%
Italienische Stadt, deren Verein in den 90ern drei Europapokale gewann, später aber in finanzielle Schwierigkeiten geriet Parma
60%
Von 1973 bis 2001 spielte der FC Schalke 04 in diesem Stadion Parkstadion
53%
Tschechischer Fußballspieler, der durch seinen lässig in die Mitte des Tores verwandelten entscheidenden Elfmeter im EM-Finale 1976 gegen Deutschland bekannt wurde: Antonín ______ Panenka
49%
Der Verein aus der jugoslawischen Hauptstadt zog 1966 überraschend ins Finale des Europapokals der Landesmeister ein, das knapp gegen Real Madrid verloren wurde Partizan
49%
Fußballspieler, der 1998 mit Frankreich die WM gewann und außerdem dreimal englischer Meister mit Arsenal und viermal italienischer Meister wurde Patrick Vieira
38%
Trainer, der Hansa Rostock zweimal in die Bundesliga und den HSV bis auf Platz 3 führte: Frank __________ Pagelsdorf
35%
Österreicher, der in den 90ern als Spieler und Trainer bei 1860 München beschäftigt war: Peter ______ Pacult
30%
1967 geborener englischer Fußballer, der u. a. für Lazio und Glasgow Rangers spielte und als Enfant Terrible bekannt ist Paul Gascoigne
27%
Keine übereinstimmenden Quizze gefunden
Verteilung der Resultate
Anzahl Personen mit jedem Resultat
Perzentil nach korrekt beantworteten Fragen
Ihre Resultats-Entwicklung
Sie haben dieses Quiz noch nicht gespielt